000 01246nam0a22003011 4500
001 RU\NLR\INFOCOMM_116\5000067865
005 20260406005946.0
035 _a(NLR Aleph) 009161435
090 _a8456427
_c8456427
100 _a20100203d1921 |||y0rusy50 ca
101 1 _ahun
_crus
102 _aRU
105 _ay ||||000|y
200 1 _aA kommunizmus ábécéje
_eAz Oroszorsz. kommunista (bolseviki) párt programmjának népszerű magyarázata
_fBucharin és Preobrazsenszkij
_gFord. Rudbyánzky Endre
205 _a2. oroszorsz. kiad.
210 _a[Μ.]
_cAz O. K. P. Magy. agitációs oszt. közp. irodájának kiad.
_aЕкатеринбург
_cГос. изд-во Урал. обл. отд-ния
_d1921
215 _a331 с.
_d23 см
225 1 _aKommunista könyvtár
686 _aФ61(2)01
_2rubbk
700 1 _4070
_8rus
_7ba
_aBucharin
_bN. I.
_cгос. деятель
_f1888-1938
_gNikolaj Ivanovič
_3RU\NLR\AUTH\77115422
_998347
701 1 _4070
_7ba
_8rus
_aPreobraženskij
_bE. A.
_f1886-1937
_gEvgenij Alekseevič
_9200426
_3RU\NLR\AUTH\770200477
790 1 _9z01701
_aPreobrazsenszkij
_bE.
_4070
801 1 _aRU
_bNLR
_c20100203
801 0 _aRU
_bNLR
_gPSBO
852 _aNLR
_jИп31 В-5/6
942 _cBOOK
980 _aNB